000 01523naa a22003497a 4500
001 BR8401368
003 BR-BrBNA
005 20250721154434.0
007 ta
008 250630b bl.|||m| |||| 00| 0 por d
040 _aBR-BrBNA
_bpor
_cBiblioteca Nacional de Agricultura
041 _a(Pt)
072 _aH10
_b1112
_b1000
_b4050
090 _aH10 BR8401368
100 1 _aZem, A.C.
100 1 _aLordello, L.G.E.
111 1 _a7. Reuniao Brasileira de Nematologia
_cBrasilia, DF (Brazil)
_d21-25 Feb 1983
245 1 _aEstudos sobre hospedeiros de Radopholus similis e Helicotylenchus multicinctus [nematoide, parasito de planta, banana, Musa spp., fruta citrica]
246 1 _aStudies on Radopholus similis and Helicotylenchus multicinctus hosts [nematode, plant parasite, banana, Musa spp., citrus fruit]
246 1 _a[Works submitted to the 7. Brazilian Meeting on Nematology]
500 _aTrabalhos apresentados a 7. Reuniao Brasileira de Nematologia Piracicaba, SP (Brasil): 1983. p. 175-187 [40 ref.; Summaries (En, Pt)] (BR8401368-AMS)
773 0 _tTrabalhos apresentados a 7. Reuniao Brasileira de Nematologia
_wH10 BR8401368
_gPiracicaba, SP (Brasil), 1983. p. 175-187
650 _aBANANA
650 _aFRUTA CITRICA
650 _aNEMATOIDE
650 _aPARASITO DE PLANTA
650 _aHOSPEDEIRO
650 _aINFESTACAO
490 _aPublicacao - Sociedade Brasileira de Nematologia (Brazil)
_vno. 7
_xISSN 0101-7020
942 _cAMS
_2AGRIS
909 _a202506
_bLúcia
_c55
_dLúcia Elande
999 _c334769
_d334769